000
00264nam a2200097Ia 4500
008
200302s9999 xx 000 0 und d
100
_a
Hobsbawm
245
_a
Hpa : The Story Of Ho & Paterns Archtiects
260
_b
Images Publications Group, Australia
300
_a
233
999
_c
4714
_d
4714